Kody Wszystkich Państw - Statystyki

Ogólne statystyki
  • Ten quiz został rozwiązany 119 razy
  • Średni wynik to 107 z 194
Statystyki odpowiedzi
Hint Odpowiedź % Poprawnych
Albania AL
96%
Afganistan AF
92%
Antiguai Barbuda AG
87%
Argentyna AR
87%
Australia AU
84%
Bośnia i Hercegowina BA
80%
Polska PL
79%
Bahrajn BH
77%
Brazylia BR
77%
Belgia BE
76%
ArabiaSaudyjska SA
76%
Andora AD
75%
Boliwia BO
75%
Szwajcaria CH
75%
Armenia AM
73%
Austria AT
73%
Azerbejdżan AZ
73%
Hiszpania ES
73%
Niemcy DE
72%
Lichtenstein LI
72%
Maroko MA
72%
Czechy CZ
71%
Francja FR
71%
Luksemburg LU
71%
Bułgaria | Wielka Brytania BG
69%
Brunei BN
69%
Grecja GR
69%
Burundi BI
68%
Włochy IT
68%
Czarnogóra ME
68%
ZjednoczoneEmiraty Arabskie AE
67%
Cypr CY
67%
Egipt EG
67%
Etiopia ET
67%
Finlandia FI
67%
Gabon GA
67%
Bahamy BS
65%
Ghana GH
65%
Laos LA
65%
Mongolia MN
65%
Bhutan BT
64%
Białoruś BY
64%
Kanada CA
64%
Chile | Wybrzeże KościSłoniowej CI
64%
Kostaryka CR
64%
Indie IN
64%
Mali ML
64%
Niger NE
64%
Norwegia NO
64%
Angola AO
63%
Kolumbia CO
63%
Dominikana DO
63%
Iran IR
63%
Mołdawia MD
63%
Nikaragua NI
63%
Oman OM
63%
Rumunia RO
63%
Rosja RU
63%
Chiny CN
61%
Gruzja GE
61%
Panama PA
61%
Sierra Leone SL
61%
Dominika DM
60%
Malta MT
60%
Nowa Zelandia NZ
60%
Peru PE
60%
Ukraina UA
60%
Stany ZjednoczoneAmeryki US
60%
Watykan VA
60%
Belize BZ
59%
Dania DK
59%
Erytrea ER
59%
Gwinea-Bissau GW
59%
Liban LB
59%
Łotwa LV
59%
Portugalia PT
59%
Słowenia SI
59%
Bangladesz BD
57%
Burkina Faso BF
57%
Węgry HU
57%
Indonezja ID
57%
Kenia KE
57%
Nigeria NG
57%
Nepal NP
57%
Papua Nowa Gwinea PG
57%
Syria SY
57%
Tunezja TN
57%
Uganda UG
57%
DemokratycznaRepublika Kongo CD
56%
Gwinea GN
56%
Islandia IS
56%
Kazachstan KZ
56%
Namibia NA
56%
Somalia SO
56%
TOnga TO
56%
Turcja TR
56%
Botswana BW
55%
Kuba CU
55%
CHorwacja HR
55%
Japonia JP
55%
Kiribati KI
55%
Kirgistan | Republika Korei KR
55%
MacedoniaPółnocna MK
55%
Nauru NR
55%
Słowacja SK
55%
San Marino SM
55%
Senegal SN
55%
PołudniowaAfryka ZA
55%
Kamerun | Komory CM
53%
Gambia GM
53%
Jamajka JM
53%
Jordania JO
53%
Mauritius MU
53%
Serbia RS
53%
Trynidad i Tobago TT
53%
Uzbekistan UZ
53%
Dżibuti DJ
52%
Ekwador EC
52%
Izrael IL
52%
Liberia LR
52%
Lesotho LS
52%
Meksyk MX
52%
Niderlandy NL
52%
Pakistan PK
52%
Wenezuela VE
52%
Barbados BB
51%
Algieria DZ
51%
Grenada GD
51%
Haiti HT
51%
St. Kitts i Nevis KN
51%
Filipiny PH
51%
Rwanda RW
51%
Singapur SG
51%
Sudan Południowy SS
51%
Salwador SV
51%
Szwecja SW
51%
Suazi SZ
51%
Gwatemala GT
49%
Honduras HN
49%
Kuwejt KW
49%
Madagaskar MG
49%
Malawi MW
49%
Malezja MY
49%
Tanzania TZ
49%
Estonia EE
48%
Fidżi FJ
48%
Mauretania MR
48%
Surinam SR
48%
Togo TG
48%
Tajwan TW
48%
Zambia ZM
48%
Kongo CG
47%
Irlandia IE
47%
Mozambik MZ
47%
Sudan SD
47%
Wyspy Św. Tomasza i Książęca ST
47%
Tadżykistan TJ
47%
Malediwy MV
45%
Tajlandia TH
45%
Tuvalu TV
45%
Wietnam VN
45%
Libia LY
44%
Gujana GY
43%
Mjanma MM
43%
Seszele SC
43%
Turkmenistan TM
43%
Litwa LW
41%
Katar QA
41%
Paragwaj PY
40%
Urugwaj UY
39%
Zimbabwe ZW
39%
Vanuatu VU
37%
Zielony Przylądek CV
36%
Wschodni Timor TL
33%
Wyspy Marshalla MH
32%
Czad TD
32%
St. Lucia LC
28%
Palau PW
28%
Wyspy Salomona SB
28%
Jemen YE
28%
GwineaRównikowa GQ
27%
Benin BJ
25%
Republikaśrodkowoafrykańska CF
25%
Kambodża KH
24%
Sri Lanka LK
24%
Mikronezja FM
21%
St. Vincent i Grenadyny VC
19%
Samoa WS
15%
Irak IG
13%
Kosowo XK
8%
Nie znaleziono quizów pasujących do podanych kryteriów
Rozkład punktacji
Procent ludzi z każdym wynikiem
Percentyl według liczby udzielonych odpowiedzi
Twoja historia wyników
Nie rozwiązałeś tego quizu